| 000 | 00780naa a22002057i 4500 | ||
|---|---|---|---|
| 001 | 232412 | ||
| 003 | ES-MaBCM | ||
| 005 | 20260219163529.0 | ||
| 008 | 260219s2023 sp ||||| |||| 00| 0 spa d | ||
| 040 | _cES-MaBCM | ||
| 100 | 1 |
_aManero Salvador, Ana _972250 |
|
| 245 | 1 | 3 |
_aLa pena de muerte y el derecho consuetudinario internacional _cAna Manero Salvador, Marta Sosa Navarro |
| 504 | _aIncluye referencias bibliográficas | ||
| 650 | 7 |
_aPena de muerte _959744 |
|
| 650 | 7 |
_aDerecho consuetudinario _958303 |
|
| 650 | 7 |
_aDerecho penal internacional _958347 |
|
| 700 | 1 |
_aSosa Navarro, Marta _9122268 |
|
| 773 | 0 |
_dValencia : Tirant lo Blanch , 2023 _gp. [111]-121 - Loc. 62618 _tLa crueldad en las constituciones y en los convenios internacionales _w225307 |
|
| 942 |
_2udc _cAMON |
||
| 999 |
_c232412 _d232412 |
||